000 00956pam a2200313 i 4500
999 _c3064
_d3064
001 020260784
003 UkOxU
005 20230929145901.0
008 141001s2014 enka 000|0 eng d
015 _aGBB4A5578
_2bnb
020 _a9780007537808 (pbk.)
_qpaperback
035 _a(Uk)016884661
040 _aStDuBDS
_beng
_cStDuBDS
_erda
_dUkOxU
_dKH8
042 _aukscp
082 0 4 _a510 PEA
_223
100 1 _aPearce, Chris,
_eauthor.
245 1 0 _aMaths skills builder :
_btransition from KS3 to GCSE /
_cChris Pearce.
264 1 _aLondon :
_bCollins,
_c[2014?]
264 4 _c©2014
300 _a80 pages :
_bcolour illustrations ;
_c27 cm
336 _atext
_2rdacontent
337 _aunmediated
_2rdamedia
338 _avolume
_2rdacarrier
521 2 _aKey Stage 3.
521 2 _aGCSE.
650 0 _aMathematics
_xStudy and teaching (Secondary)
650 0 _aMathematics
_vProblems, exercises, etc.
_vJuvenile literature.
942 _2ddc
_cTR